La Expectativa de futuro del venezolano y la crisis /
Guardado en:
| Autor principal: | |
|---|---|
| Formato: | Texto |
| Materias: | |
| Etiquetas: |
Agregar Etiqueta
Sin Etiquetas, Sea el primero en etiquetar este registro!
|
MARC
| LEADER | 00000 a a2200000 04500 | ||
|---|---|---|---|
| 001 | 7330 | ||
| 003 | |||
| 040 | |||
| 100 | |a Briceño - León, Roberto | ||
| 245 | |a La Expectativa de futuro del venezolano y la crisis / |c Roberto Briceño - León | ||
| 650 | |a MOVILIDAD SOCIAL | ||
| 650 | |a OPINION PUBLICA | ||
| 650 | |a VENEZUELA | ||
| 773 | |g volumen 15, número 1 -2; páginas 7-19 | ||
| 999 | |c 36031 |d 36031 | ||
